Economic development in the long run
Сохранить в:
| Главный автор: | |
|---|---|
| Формат: | |
| Язык: | Undetermined |
| Опубликовано: |
London
George Allen& Unwin
1972
|
| Предметы: | |
| Метки: |
Добавить метку
Нет меток, Требуется 1-ая метка записи!
|
| Thư viện lưu trữ: | Trung tâm Học liệu Trường Đại học Cần Thơ |
|---|
| LEADER | 00506nam a2200181Ia 4500 | ||
|---|---|---|---|
| 001 | CTU_81373 | ||
| 008 | 210402s9999 xx 000 0 und d | ||
| 082 | |a 338.9 | ||
| 082 | |b Y81 | ||
| 100 | |a Youngson, A. J. | ||
| 245 | 0 | |a Economic development in the long run | |
| 245 | 0 | |c A. J. Youngson | |
| 260 | |a London | ||
| 260 | |b George Allen& Unwin | ||
| 260 | |c 1972 | ||
| 650 | |a Economic development,Economic history | ||
| 904 | |i Trọng Hải | ||
| 980 | |a Trung tâm Học liệu Trường Đại học Cần Thơ | ||